000 00423nab a2200145Ia 4500
003 ES-SlBCS
005 20210601125304.0
008 140529s1999 xxu||||| |||| 00| 0 eng d
041 _aeng
100 1 _aHunter, Bruce
_9156344
245 0 0 _aKnowledge and Design
_c Bruce Hunter
650 0 4 _aConocimiento
_9113574
773 0 _tPhilosophy and Phenomenological Research
_gvol. 59, 1999, págs. 309-334
_wRev1411
942 _cAR
999 _c527875
_d527875